Živých rýb je dostatok

Bibliographic Details
Main Author: (pal) (Author)
Format: Article
Language:Slovak
Subjects:

MARC

LEADER 00000nab a2200000 a 4500
001 vtls000925447
003 SK-MaSNL
005 20260303033637.0
008 140301e19941222xo 0 slo
035 |a KE34324 
040 |a KEVKJB  |b slo  |c KEVKJB  |e AACR2 
041 0 |a slo 
044 |a xo  |c SK 
080 |a 664.95  |2 1981 
100 0 |a (pal)  |4 aut  |9 880744 
245 1 0 |a Živých rýb je dostatok 
610 2 7 |a Ryba Košice (Slovensko)  |2 KEVKJB  |9 197715 
610 2 7 |a Východoslovenský rybársky podnik (Michalovce, Slovensko)  |2 KEVKJB  |9 31432 
650 0 7 |a predaj rýb  |2 KEVKJB  |9 1017664 
650 0 7 |a dodávky  |2 KEVKJB  |9 501342 
650 0 7 |a rozvoz  |2 KEVKJB  |9 886327 
650 0 7 |a informácie  |2 KEVKJB  |9 1285 
651 7 |a Košice (Slovensko)  |2 KEVKJB  |9 18694 
651 7 |a Michalovce (Slovensko)  |2 KEVKJB  |9 22487 
773 0 8 |t Hospodárske noviny, č.246, 22.12.1994, s. 3 
852 |a ZVYKNI  |b KIS3GCP 
999 |c 1670938  |d 1672868